Fundamentals and applications of polymer gels : (Record no. 26667)
[ view plain ]
| 000 -LEADER | |
|---|---|
| fixed length control field | 01551cam a22003255a 4500 |
| 001 - CONTROL NUMBER | |
| control field | 14990456 |
| 005 - DATE AND TIME OF LATEST TRANSACTION | |
| control field | 20180508130119.0 |
| 008 - FIXED-LENGTH DATA ELEMENTS--GENERAL INFORMATION | |
| fixed length control field | 070831t2004 gw a frb 000 0 eng d |
| 020 ## - INTERNATIONAL STANDARD BOOK NUMBER | |
| International Standard Book Number | 3527310401 |
| 020 ## - INTERNATIONAL STANDARD BOOK NUMBER | |
| International Standard Book Number | 9783527310401 |
| 040 ## - CATALOGING SOURCE | |
| Original cataloging agency | ABC |
| Transcribing agency | ABC |
| Modifying agency | OCLCQ |
| -- | BAKER |
| -- | NLGGC |
| -- | DLC |
| -- | EG-ScBUE |
| Language of cataloging | eng |
| 082 04 - DEWEY DECIMAL CLASSIFICATION NUMBER | |
| Classification number | 660.294513 |
| Edition number | 22 |
| Item number | FUN |
| 111 2# - MAIN ENTRY--MEETING NAME | |
| Meeting name or jurisdiction name as entry element | Pacific Polymer Conference |
| Number of part/section/meeting | (7th : |
| Date of meeting | 2001 : |
| Location of meeting | Oaxaca de Juarez, Mexico). |
| Subordinate unit | Microsymposium. |
| 245 10 - TITLE STATEMENT | |
| Title | Fundamentals and applications of polymer gels : |
| Remainder of title | PPF-7 Microsymposium, Oaxaca City (Mexico), 2001 / |
| Statement of responsibility, etc | symposium editor R. A. Siegel. |
| 246 30 - VARYING FORM OF TITLE | |
| Title proper/short title | PPF-7 Microsymposium. |
| 260 ## - PUBLICATION, DISTRIBUTION, ETC. (IMPRINT) | |
| Place of publication, distribution, etc | Weinheim : |
| Name of publisher, distributor, etc | WILEY-VCH Verlag, |
| Date of publication, distribution, etc | c.2004. |
| 300 ## - PHYSICAL DESCRIPTION | |
| Extent | 268 p. : |
| Other physical details | ill. ; |
| Dimensions | 25 cm. |
| 490 ## - Series Statement | |
| Series statement | Macromolecular symposia ; |
| Volume/sequential designation | 207 |
| 500 ## - GENERAL NOTE | |
| General note | Features a range of topics related to polymer gels presented at the Microsymposium in honor of the Late Professor Toyoichi Tanaka, held December 5-7, 2001 within the 7th Pacific Polymer Conference, Oaxaca, Mexico. |
| 504 ## - BIBLIOGRAPHY, ETC. NOTE | |
| Bibliography, etc | Includes bibliographical references. |
| 650 #7 - SUBJECT ADDED ENTRY--TOPICAL TERM | |
| Topical term or geographic name as entry element | Polymers |
| Form subdivision | Congresses. |
| Source of heading or term | BUEsh |
| 9 (RLIN) | 39656 |
| 650 #7 - SUBJECT ADDED ENTRY--TOPICAL TERM | |
| Topical term or geographic name as entry element | Polymerization |
| Form subdivision | Congresses. |
| Source of heading or term | BUEsh |
| 9 (RLIN) | 6599 |
| 651 ## - SUBJECT ADDED ENTRY--GEOGRAPHIC NAME | |
| Source of heading or term | BUEsh |
| 653 ## - INDEX TERM--UNCONTROLLED | |
| Resource For college | Generalities |
| Arrived date list | May2018 |
| 700 1# - ADDED ENTRY--PERSONAL NAME | |
| Personal name | Siegel, Ronald A., |
| Relator term | editor. |
| 856 41 - ELECTRONIC LOCATION AND ACCESS | |
| Materials specified | Unedited summary from book |
| Uniform Resource Identifier | <a href="http://www.loc.gov/catdir/summary/eng0801/2007464845.html">http://www.loc.gov/catdir/summary/eng0801/2007464845.html</a> |
| 856 42 - ELECTRONIC LOCATION AND ACCESS | |
| Materials specified | Publisher description |
| Uniform Resource Identifier | <a href="http://www.loc.gov/catdir/enhancements/fy0743/2007464845-d.html">http://www.loc.gov/catdir/enhancements/fy0743/2007464845-d.html</a> |
| 856 41 - ELECTRONIC LOCATION AND ACCESS | |
| Materials specified | Table of contents |
| Uniform Resource Identifier | <a href="http://www.loc.gov/catdir/toc/fy0801/2007464845.html">http://www.loc.gov/catdir/toc/fy0801/2007464845.html</a> |
| 942 ## - ADDED ENTRY ELEMENTS (KOHA) | |
| Source of classification or shelving scheme | Dewey Decimal Classification |
| Withdrawn status | Item status | Source of classification or shelving scheme | Damaged status | Not for loan | Home library | Current library | Shelving location | Date acquired | Total Checkouts | Full call number | Barcode | Date last seen | Date last borrowed | Koha item type |
|---|---|---|---|---|---|---|---|---|---|---|---|---|---|---|
| Dewey Decimal Classification | Central Library | Central Library | First floor | 08/05/2018 | 1 | 660.294513 FUN | 000047720 | 15/07/2025 | 23/11/2020 | Book - Borrowing |